Bones and joints: a guide for students. (6th ed.) (Record no. 63724)
[ view plain ]
| 000 -LEADER | |
|---|---|
| fixed length control field | 00873nam a2200205 a 4500 |
| 008 - FIXED-LENGTH DATA ELEMENTS--GENERAL INFORMATION | |
| fixed length control field | 150220s2012 ||||||||||||||||| || u |
| 020 ## - INTERNATIONAL STANDARD BOOK NUMBER | |
| International Standard Book Number | 9780702053993 |
| 050 ## - LIBRARY OF CONGRESS CALL NUMBER | |
| Classification number | QM 101 Gun |
| 100 ## - MAIN ENTRY--PERSONAL NAME | |
| Personal name | Gunn, Chris |
| 245 10 - TITLE STATEMENT | |
| Title | Bones and joints: a guide for students. (6th ed.) |
| Statement of responsibility, etc. | By Chris Gunn |
| 250 ## - EDITION STATEMENT | |
| Edition statement | 6th ed. |
| 260 ## - PUBLICATION, DISTRIBUTION, ETC. | |
| Place of publication, distribution, etc. | Edinburgh: |
| Name of publisher, distributor, etc. | Churchill Livingstone/Elsevier |
| Date of publication, distribution, etc. | 2012 |
| 300 ## - PHYSICAL DESCRIPTION | |
| Extent | vi, 262p.: ill. |
| 350 ## - | |
| -- | 57.95 |
| 650 ## - SUBJECT ADDED ENTRY--TOPICAL TERM | |
| Topical term or geographic name entry element | JOINTS |
| 650 ## - SUBJECT ADDED ENTRY--TOPICAL TERM | |
| Topical term or geographic name entry element | BONES AND JOINTS |
| 650 ## - SUBJECT ADDED ENTRY--TOPICAL TERM | |
| Topical term or geographic name entry element | BONES |
| 995 ## - | |
| -- | MEDICAL LIBRARY OPEN ACCESS |
| -- | 902862 |
| -- | CBU-SCHOOL OF MEDICINE LIBRARY (Ndola) |
| -- | 57.95 |
| -- | QM 101 Gun |
| -- | 2 |
| -- | AVAILABLE |
| -- | Mar 3, 2015 |
| -- | 902862 |
| -- | Medical Library Open Access Collection |
| 995 ## - | |
| -- | MICHAEL CHILUFYA SATA OPEN ACCESS |
| -- | 902861 |
| -- | CBU-SCHOOL OF MEDICINE LIBRARY (Ndola) |
| -- | 57.95 |
| -- | QM 101 Gun |
| -- | 1 |
| -- | AVAILABLE |
| -- | Mar 3, 2015 |
| -- | 902861 |
| -- | Medical Library Open Access Collection |
| 999 ## - | |
| -- | 63724 |
| -- | 63724 |
| Withdrawn status | Lost status | Source of classification or shelving scheme | Damaged status | Not for loan | Permanent Location | Current Location | Shelving location | Date acquired | Total Checkouts | Full call number | Barcode | Date last seen | Copy number | Price effective from | Koha item type |
|---|---|---|---|---|---|---|---|---|---|---|---|---|---|---|---|
| CBU-MICHAEL CHILUFYA SATA LIBRARY | CBU-MICHAEL CHILUFYA SATA LIBRARY | 01/25/2023 | QM 101 Gun | 902861 | 01/25/2023 | 2 | 01/25/2023 | MONOGRAPH | |||||||
| CBU-SCHOOL OF MEDICINE LIBRARY, NDOLA. | CBU-SCHOOL OF MEDICINE LIBRARY, NDOLA. | 01/25/2023 | QM 101 Gun | 902862 | 01/25/2023 | 1 | 01/25/2023 | MONOGRAPH |